ARRUPE JESUIT UNIVERSITY

CORONAVIRUS -STOP THE SPREAD - CLEAN,DISINFECT,COVER

Mathematicians: (Record no. 122151)

MARC details
000 -LEADER
fixed length control field 00449nam a22001577a 4500
008 - FIXED-LENGTH DATA ELEMENTS--GENERAL INFORMATION
fixed length control field 150219b xxu||||| |||| 00| 0 eng d
020 ## - INTERNATIONAL STANDARD BOOK NUMBER
International Standard Book Number 0912490071
050 ## - LIBRARY OF CONGRESS CALL NUMBER
Classification number QA28.F3 v.1
100 ## - MAIN ENTRY--PERSONAL NAME
Personal name Fang, Joong
9 (RLIN) 15435
245 ## - TITLE STATEMENT
Title Mathematicians:
Remainder of title from antiquity to today
Statement of responsibility, etc / Joong Fang
250 ## - EDITION STATEMENT
Edition statement vol. 1
260 ## - PUBLICATION, DISTRIBUTION, ETC. (IMPRINT)
Place of publication, distribution, etc New York
Name of publisher, distributor, etc PAIDEIA Press
Date of publication, distribution, etc 1972
300 ## - PHYSICAL DESCRIPTION
Extent 341p.
Dimensions 24cm.
650 ## - SUBJECT ADDED ENTRY--TOPICAL TERM
Topical term or geographic name as entry element Mathematicians
General subdivision Biography
9 (RLIN) 15436
942 ## - ADDED ENTRY ELEMENTS (KOHA)
Source of classification or shelving scheme Library of Congress Classification
Item type Monograph ( Printed materials)
Holdings
Withdrawn status Lost status Source of classification or shelving scheme Damaged status Not for loan Collection code Home library Current library Shelving location Date acquired Total Checkouts Full call number Barcode Date last seen Price effective from Koha item type
    Library of Congress Classification     Main Collection ARRUPE LIBRARY ARRUPE LIBRARY Main Collection 19/02/2015   QA28.F3 v.1 46500002866 02/07/2019 19/02/2015 Monograph ( Printed materials)

 

Arrupe Library. PO Box MP320 Mt Pleasant, Harare, Zimbabwe
263 242 745411|librarian@aju.ac.zw